[Event "Linares"]
[Site "16"]
[Date "1999.??.??"]
[Round "7"]
[White "Topalov, Veselin"]
[Black "Kasparov, Gary"]
[Result "0-1"]
[WhiteElo "2700"]
[BlackElo "2810"]
[Annotator "JvR"]
[PlyCount "122"]
[EventDate "1999.??.??"]

1. e4 c5 2. Nf3 d6 3. d4 cxd4 4. Nxd4 Nf6 5. Nc3 a6 6. f3 e6 7. Be3 b5 8. g4 h6
9. Qd2 Nbd7 10. O-O-O Bb7 11. h4 b4 12. Na4 Qa5 13. b3 Nc5 14. a3 Nxa4 15. axb4
Qc7 16. bxa4 d5 17. e5 Nd7 18. f4 Nb6 $1 {Both parties have studied this
novelty.} 19. a5 Nc4 20. Qc3 Qe7 $1 {This move startles Topalov.} 21. Bxc4 dxc4
22. Bd2 $6 ({A fine alternative brings} 22. Rhf1 $1 Qxb4 23. Qxb4 Bxb4 24. f5
$1) 22... Bxh1 23. Rxh1 Qb7 24. Rd1 Be7 25. Qf3 $1 O-O-O 26. Qc6+ $1 Qxc6 27.
Nxc6 Rd7 28. Nxe7+ Rxe7 29. Re1 {White wants to build a fortress.} h5 $2 {
Black helps.} ({Right is} 29... Kb7 $1) 30. g5 Kb7 31. Be3 Rd7 $1 {White
wanted to play 32.c3 and 33.Bd4.} 32. Bc5 Kc6 33. Bd6 f6 34. gxf6 $5 ({The
complications of} 34. g6 $5 Rh6 35. Rg1 Kd5 36. Kb2 $1 {(Kasparov)} f5 37. Kc3
Rb7 38. Rg2 $1 {are unclear.}) 34... gxf6 35. Rg1 f5 36. Kd2 Kd5 37. Ke3 Rhh7
38. Bf8 Rhf7 39. Bh6 Rh7 40. Rg6 $2 ({A return by} 40. Bf8 $1 {offers good
chances.}) 40... Rb7 $1 41. Bf8 Rhf7 42. Bd6 Rg7 43. Rg5 Rbf7 $1 44. c3 {White
experiences zugzwang.} Kc6 45. Kf3 Kb5 $1 46. Bc5 ({The pointe is} 46. Rxh5 Rh7
$1) 46... Ka4 47. Bd4 Rd7 $1 48. Ke3 ({The new point is} 48. Rxh5 Rxd4 $1 49.
cxd4 c3 50. Rh8 Rc7 $1 {(Hecht).}) 48... Kb3 49. Ke2 Rxg5 $1 50. fxg5 Rxd4 $1 {
This sacrifice needed a long preparation.} 51. cxd4 c3 52. g6 c2 53. g7 c1=Q
54. g8=Q Qc4+ 55. Ke3 Kc3 $1 {A combined attack starts behind the lines.} 56.
Qd8 Qd3+ 57. Kf4 Qd2+ 58. Kf3 Qd1+ 59. Ke3 $6 ({The game is prolonged by} 59.
Kf2 f4 $1 60. Qc8+ Kd2 61. Qxa6 Qe1+ 62. Kg2 Qg3+ 63. Kh1 f3 64. Qf1 Qxh4+ 65.
Kg1 Qg3+ 66. Kh1 Qe1 $1 67. Kg1 h4 68. a6 f2+ 69. Kg2 h3+ {(Kasparov).}) 59...
Qg1+ 60. Ke2 Qg2+ 61. Ke3 f4+ $1 {Kasparov led at the end of the first cycle,
one point before Anand and Kramnik.} ({Mate brings} 61... f4+ 62. Kxf4 Kd3 63.
Qg5 Qf2#) 0-1

[Event "Linares"]
[Site "16"]
[Date "1999.??.??"]
[Round "8"]
[White "Svidler, Peter"]
[Black "Kasparov, Gary"]
[Result "0-1"]
[WhiteElo "2710"]
[BlackElo "2810"]
[Annotator "JvR"]
[PlyCount "84"]
[EventDate "1999.??.??"]

1. e4 c5 2. Nf3 d6 3. d4 cxd4 4. Qxd4 Nc6 5. Bb5 Bd7 6. Bxc6 Bxc6 7. Nc3 Nf6 8.
Bg5 e6 9. O-O-O Be7 10. Rhe1 O-O 11. Kb1 h6 12. Bh4 Re8 ({Theory is} 12... Qa5)
13. Bg3 d5 $1 {Black plans a positional pawn sacrifice.} 14. e5 Ne4 15. Nxe4
dxe4 16. Qxd8 Rexd8 17. Nd4 Be8 $5 (17... Bd5 18. Nb5 {leads to equality.}) 18.
c3 Rac8 19. Kc2 b5 $1 20. Rxe4 b4 21. Re3 a5 22. Ne2 $2 {White should choose
active play.} (22. Red3 $1 Kh7 $1 {(Kasparov)} 23. f4 $1 {gains a plus.}) 22...
Bc6 23. f3 Rxd1 24. Kxd1 Bc5 25. Rd3 Bb5 26. Rd2 Be3 27. Rd6 bxc3 28. Nxc3 Bf1
29. Bh4 $2 ({Better is} 29. h4 $1 Kf8 {(Ftacnik)} 30. Be1 $1 Bxg2 31. Ke2 Bf4
32. Ra6) 29... g5 30. Be1 Bxg2 31. Ke2 Bf4 32. Bg3 Bc1 33. Na4 h5 $1 34. Rd1 h4
35. Be1 Bf4 36. Bc3 Kg7 37. Nb6 Rh8 38. Kf2 h3 39. Bd2 Bxh2 40. Nd7 Kg6 41. Be3
g4 42. fxg4 Bc6 0-1

[Event "Linares"]
[Site "16"]
[Date "1999.??.??"]
[Round "9"]
[White "Kasparov, Gary"]
[Black "Ivanchuk, Vassily"]
[Result "1-0"]
[WhiteElo "2810"]
[BlackElo "2710"]
[Annotator "JvR"]
[PlyCount "71"]
[EventDate "1999.??.??"]

1. d4 d5 2. c4 dxc4 3. Nf3 e6 4. e3 c5 5. Bxc4 a6 6. O-O Nf6 7. Bb3 Nc6 8. Nc3
cxd4 9. exd4 Be7 10. Re1 O-O 11. a3 Na5 12. Bc2 b5 13. d5 $1 Nc4 $6 ({Theory
will become} 13... Re8 {(Kramnik-Anand, Dos Hermanas 1999).}) 14. Qd3 Re8 15.
a4 exd5 16. axb5 a5 17. b3 Nd6 18. Nd4 Bb7 19. f3 Rc8 20. Na4 Bf8 21. Bg5 g6
22. Qd2 Rxe1+ 23. Rxe1 Nde8 $5 24. Re2 $1 (24. Rxe8 Qxe8 25. Bxf6 Bb4 26. Qc1 (
26. Qf2 $2 Be1 27. Qf1 Qe3+ 28. Kh1 Bh4 $3 29. Bxh4 Qxd4 30. Bf2 Qd2 31. Nc5 d4
32. Be1 Qxc2 33. Nxb7 d3) 26... Ba3 27. Qd2 {draws.}) 24... Bb4 25. Qe3 Rc7 26.
Bd3 Re7 27. Qc1 Rxe2 28. Bxe2 Qe7 $6 29. Qe3 Qxe3+ $2 30. Bxe3 Nd7 31. Nc6 Bxc6
32. bxc6 Nb8 33. Bb6 Bd6 34. Nc3 Bc7 35. Bf2 $2 (35. Bc5 $1 d4 36. Nd5 $18 {
(Kasparov).}) 35... d4 36. Nd5 {Ivanchuk resigned although he got new chances.}
({Kasparov analysed} 36. Nd5 Nxc6 37. Bb5 Nb4 38. Nxb4 Nd6 39. Bd3 axb4 40.
Bxd4 {and White has an advantage.}) 1-0

[Event "Linares"]
[Site "16"]
[Date "1999.??.??"]
[Round "10"]
[White "Anand, Viswanathan"]
[Black "Kasparov, Gary"]
[Result "0-1"]
[WhiteElo "2780"]
[BlackElo "2810"]
[Annotator "JvR"]
[PlyCount "100"]
[EventDate "1999.??.??"]

1. e4 c5 2. Nf3 d6 3. d4 cxd4 4. Nxd4 Nf6 5. Nc3 a6 6. f3 e6 7. Be3 b5 8. g4 h6
9. Qd2 Nbd7 10. O-O-O Bb7 11. h4 b4 12. Nb1 d5 13. Bh3 g5 14. hxg5 hxg5 15.
exd5 Nxd5 16. Bxg5 Qb6 $5 (16... Qa5 {drew in the third round (Leko-Topalov).})
17. Bg2 Rxh1 18. Bxh1 Rc8 19. Re1 Qa5 $1 20. f4 Qxa2 21. f5 Nc5 $5 22. fxe6 Bg7
$1 23. exf7+ Kxf7 24. Bxd5+ $2 {Anand chooses the artistic solution.} (24. Qf2+
$1 Kg8 25. Qf5 $1 Bxd4 26. Qg6+ Bg7 27. Re8+ Rxe8 28. Qxe8+ Kh7 29. Qh5+ {ends
with perpetual check.}) 24... Qxd5 25. Re7+ Kg8 26. Rxg7+ $1 Kxg7 27. Nc3 $3
bxc3 28. Nf5+ Kf7 29. Qxd5+ Bxd5 30. Nd6+ Kg6 31. Nxc8 Kxg5 32. Nb6 Be6 33.
bxc3 Kxg4 34. Kb2 Kf4 35. Ka3 a5 36. Na4 Ne4 $2 ({Correct is} 36... Nd7 $1 37.
Nb2 Nb6 38. c4 Bxc4 39. Nxc4 Nxc4+ 40. Kb3 Ne5 $1 41. Ka4 Nc6 {(Kasparov).})
37. Nb2 Nxc3 38. Nd3+ Ke3 39. Nc5 Bf5 40. Kb2 $1 Nd5 41. Nb7 a4 42. c4 $1 Nb6
43. Nd6 Bd3 44. c5 Nd5 45. Ka3 Bc2 46. Nb5 $1 Ne7 $1 47. Na7 $2 ({Right is} 47.
Nc3 $1 Kd4 48. Nxa4) 47... Kd4 48. c6 Nd5 49. Nb5+ Kc5 50. c7 Bf5 $1 ({Anand
resigned due to} 50... Bf5 51. Kxa4 Nb6+ 52. Ka5 Nc4+ $1 53. Ka6 (53. Ka4 Bc2#)
53... Bc8+ 54. Ka7 Kxb5 55. Kb8 Nd6) 0-1

[Event "Linares"]
[Site "16"]
[Date "1999.??.??"]
[Round "11"]
[White "Kramnik, Vladimir"]
[Black "Kasparov, Gary"]
[Result "1/2-1/2"]
[WhiteElo "2750"]
[BlackElo "2810"]
[Annotator "JvR"]
[PlyCount "70"]
[EventDate "1999.??.??"]

1. d4 Nf6 2. c4 g6 3. Nc3 d5 4. cxd5 Nxd5 5. e4 Nxc3 6. bxc3 Bg7 7. Bc4 c5 8.
Ne2 Nc6 9. Be3 O-O 10. O-O Bg4 11. f3 Na5 12. Bxf7+ Rxf7 13. fxg4 Rxf1+ 14.
Kxf1 cxd4 15. cxd4 e5 16. d5 Nc4 17. Qd3 Nxe3+ 18. Qxe3 Qh4 19. h3 Bh6 20. Qd3
Rf8+ 21. Kg1 Qf2+ 22. Kh1 Qe3 23. Qc4 b5 24. Qxb5 Rf2 25. Qe8+ Bf8 $1 {
Kasparov improves the theory.} 26. Qe6+ ({Or} 26. d6 $5 Qxe2 27. d7 Qxe4 28.
Rg1 Rf3 $1 29. gxf3 Qxf3+ 30. Rg2 Qf1+ 31. Kh2 Qf4+ $11) 26... Kh8 27. d6 Qxe2
(27... Qxe4 {draws more easily.}) 28. Qxe5+ Bg7 $1 29. Qe8+ Rf8 30. d7 Qd3 31.
e5 h6 $1 32. e6 Kh7 33. Rg1 Rf3 $1 34. Qb8 Rxh3+ 35. gxh3 Qe4+ 1/2-1/2

[Event "Linares"]
[Site "16"]
[Date "1999.??.??"]
[Round "12"]
[White "Kasparov, Gary"]
[Black "Adams, Michael"]
[Result "1-0"]
[WhiteElo "2810"]
[BlackElo "2715"]
[Annotator "JvR"]
[PlyCount "129"]
[EventDate "1999.??.??"]

1. e4 e5 2. Nf3 Nc6 3. Bb5 a6 4. Ba4 Nf6 5. O-O Be7 6. Re1 b5 7. Bb3 O-O 8. h3
Bb7 9. d3 d6 10. a3 Na5 11. Ba2 c5 12. Nc3 Nc6 13. Bg5 Qd7 14. Nh2 Ne8 15. Bd2
Nc7 16. Nf1 Kh8 17. Ng3 Nd4 18. Nce2 Nde6 19. b4 $6 (19. Nc3 {prevents the
next move.}) 19... d5 $1 20. bxc5 Bxc5 21. Bb4 Rfe8 22. Bxc5 Nxc5 23. Nc3 Rad8
24. Qh5 f6 25. d4 $4 {White is going to lose a pawn.} exd4 26. Nxd5 Re5 $1 27.
Qh4 Nxd5 28. exd5 Bxd5 29. Rxe5 fxe5 30. Bxd5 Qxd5 31. Re1 Ne6 32. Nf5 Nf4 33.
Qg5 Rd7 34. Nh4 h6 $2 ({Black wins by} 34... d3 $1 35. Rxe5 $2 d2 36. Rxd5 Rxd5
) 35. Qg4 g5 36. Nf3 e4 37. Rxe4 Qxe4 38. Qxd7 d3 39. cxd3 Qxd3 40. Qc8+ Kg7
41. Qb7+ Kg8 42. Qxa6 Ne2+ 43. Kh2 Qe4 $1 44. Qf6 $6 (44. Qc8+ $1 Kg7 45. Qc5
$1 {avoids the exchange of queens.}) 44... Qf4+ $1 45. Qxf4 gxf4 $1 46. g4
fxg3+ 47. fxg3 Nc3 48. Nd4 h5 $1 49. h4 $1 Kf7 50. Kh3 Kf6 51. g4 hxg4+ 52.
Kxg4 Kg6 53. h5+ Kh7 54. Kh4 {Kasparov came back from a lost position and has
gained a big advantage.} Kg8 $2 {Adams misses the escape.} ({Correct is} 54...
Kh6 $1 55. Nf5+ Kh7 56. Nd6 Kh6 57. Kg4 {Adams regards this position as won
for White., but} Nd5 $1 58. Nxb5 Ne3+ $3 59. Kf4 Nc4 60. a4 Kxh5 61. Ke4 Kg6 $1
62. Kd4 Na5 63. Kc5 Kf5 $1 64. Kd5 Nb3 $1 65. Nd4+ Nxd4 66. Kxd4 Ke6 {draws.})
55. h6 Kh7 56. Kh5 Ne4 57. Nxb5 Nf6+ 58. Kg5 Ne4+ 59. Kf5 Nc5 60. Ke5 Kxh6 61.
Kd4 Na6 (61... Na4 $1 62. Nc3 Nb2 63. Nd1 $1 Nxd1 64. a4 Nb2 65. a5 {and White
wins theoretically.}) 62. Kd5 Kg6 63. Nd4 Kf6 64. Kd6 Kf7 65. Ne6 ({Elementary
is} 65. Ne6 Nb8 66. Nc5 Ke8 67. Kc7) 1-0

[Event "Linares"]
[Site "16"]
[Date "1999.??.??"]
[Round "14"]
[White "Kasparov, Gary"]
[Black "Topalov, Veselin"]
[Result "1/2-1/2"]
[WhiteElo "2810"]
[BlackElo "2700"]
[Annotator "JvR"]
[PlyCount "136"]
[EventDate "1999.??.??"]

1. Nf3 Nf6 2. c4 g6 3. g3 Bg7 4. Bg2 O-O 5. O-O d6 6. Nc3 e5 7. d4 Nbd7 8. h3
exd4 9. Nxd4 Re8 10. e4 a6 11. Re1 Rb8 12. a4 c6 13. Nc2 $6 {White plays tame.}
({Known is} 13. a5 {(Seres-Vajda, Hungary 1999).}) 13... Ne5 14. Ne3 Be6 15. b3
Nfd7 16. Bd2 Nc5 17. Rf1 Ned3 18. Rb1 a5 19. f4 f5 20. exf5 gxf5 21. Kh2 Bd7
22. Nc2 Ne6 $6 {Black knights retreat voluntarily and the initiative changes
hands.} 23. Na2 Ndc5 24. Bc3 Bxc3 25. Nxc3 Qf6 26. Qd2 Ra8 27. Rfe1 Nc7 28.
Rxe8+ Rxe8 29. b4 axb4 30. Nxb4 Rd8 31. Nc2 Be6 32. Ne3 Bf7 33. g4 Bg6 34. g5
Qg7 35. Ne2 N7e6 36. a5 Qc7 37. Rd1 Ra8 38. Ng3 $5 (38. Qxd6 Qxd6 39. Rxd6 Rxa5
{simplifies.}) 38... Qxa5 39. Qf2 $6 Ng7 $6 ({The counterattack} 39... Qc3 $1
40. Rxd6 Nd3 41. Qf3 Ndxf4 {favours Black.}) 40. Rxd6 Re8 41. h4 Re6 $6 ({
Correct is} 41... Qa3 $1 {(Kasparov).}) 42. Rd1 Qc7 43. Nexf5 Nxf5 44. Qxc5 b6
45. Qf2 Nxh4 46. Bh3 Rd6 47. Rxd6 Qxd6 48. Bg4 Bd3 49. f5 h6 $1 {A critical
position has arisen.} 50. g6 $6 ({Kasparov regards} 50. Qa2 $1 hxg5 $1 51. c5+
Qd5 52. Qxd5+ cxd5 53. cxb6 Ba6 54. Kh3 {as victorious.} {Right is} Kg7 $1 ({
His} 54... Kf7 $2 {leads to a white win.}) 55. Be2 Bb7 56. Kg4 Kh6 $1 {(the
point)} 57. Bf3 Nxf3 58. Kxf3 d4+ $1 59. Ke2 Ba6+ {drawn.}) 50... h5 $1 51. c5
bxc5 52. Qa2+ c4 $1 53. Qa8+ Qf8 54. Qa7 Nxg6 $5 55. fxg6 Bxg6 56. Be6+ Bf7 57.
Bf5 Qd6 58. Kh3 Bg6 59. Qa8+ Kg7 60. Qb7+ Kg8 61. Qc8+ Kg7 62. Qb7+ Kg8 63.
Qa8+ Kg7 64. Qa5 Qf4 65. Qa7+ Kh6 66. Qc5 Bxf5+ 67. Nxf5+ Kg6 68. Nh4+ Kf7 {
Kasparov had won the tournament, 2 1/2 points before Kramnik and Anand. That
night he was pale and exhausted during the closing ceremony.} 1/2-1/2

[Event "Linares"]
[Site "17"]
[Date "2000.??.??"]
[Round "1"]
[White "Kasparov, Gary"]
[Black "Shirov, Alexei"]
[Result "1-0"]
[WhiteElo "2850"]
[BlackElo "2750"]
[Annotator "JvR"]
[PlyCount "103"]
[EventDate "2000.??.??"]

1. e4 e5 2. Nf3 Nf6 3. Nxe5 d6 4. Nf3 Nxe4 5. d4 d5 6. Bd3 Bd6 7. O-O O-O 8. c4
c6 9. cxd5 cxd5 10. Nc3 Nxc3 11. bxc3 Bg4 12. Rb1 Nd7 13. h3 Bh5 14. Rb5 Nb6
15. c4 Bxf3 16. Qxf3 dxc4 17. Bc2 Qd7 18. a4 g6 19. Bd2 c3 20. Bxc3 Rac8 21.
Be4 Rc4 22. Rbb1 {A new move is played at last.} Rxa4 23. Bxb7 Ra3 24. Rfc1 Qc7
25. Ra1 Rb8 26. Be4 Rb3 27. Bd2 Bh2+ 28. Kh1 Rxf3 29. Rxc7 Rxf2 30. Kxh2 Rxd2
31. Raxa7 Nc8 $4 {Shirov blunders terribly.} ({Right is} 31... Rxd4 32. Rxf7
Rxe4 33. Rg7+ {and perpetual check.}) 32. Rab7 $1 Rxb7 33. Rxc8+ Kg7 34. Bxb7
Rxd4 35. g4 h5 36. g5 h4 37. Rc7 Rf4 38. Bc8 Rf2+ 39. Kg1 Rf4 40. Kg2 Kf8 41.
Bg4 Kg7 42. Rc5 Kf8 43. Bf3 Kg7 44. Kf2 Ra4 45. Ke3 Ra3+ 46. Kf4 Ra4+ 47. Ke5
Ra3 48. Bd5 Re3+ 49. Kf4 Rd3 50. Bc4 Rd7 51. Rc6 Re7 52. Rf6 1-0

[Event "Linares"]
[Site "17"]
[Date "2000.??.??"]
[Round "1"]
[White "Khalifman, Alexander"]
[Black "Kramnik, Vladimir"]
[Result "0-1"]
[WhiteElo "2655"]
[BlackElo "2755"]
[Annotator "JvR"]
[PlyCount "70"]
[EventDate "2000.??.??"]

1. d4 Nf6 2. c4 e6 3. Nc3 Bb4 4. e3 O-O 5. Bd3 c5 6. Nf3 d5 7. O-O Nc6 8. a3
Bxc3 9. bxc3 Qc7 10. Bb2 dxc4 11. Bxc4 e5 12. Be2 Rd8 13. Qc2 Bg4 14. dxe5 Nxe5
15. c4 Nxf3+ 16. gxf3 Bh3 17. Rfd1 Qc6 {Exchanges followed in Borisenko -
Averbakh, Moscow 1950.} 18. Qc3 Ne8 19. Kh1 Be6 ({Known is} 19... f6 20. e4 Be6
) 20. Rg1 $6 {Khalifman's attack on the kingside will have little success.} f6
21. Rg3 Rd7 22. Rag1 Rad8 23. Bc1 Bf5 24. e4 Bg6 25. h4 $5 Nc7 $5 {Kramnik has
placed his pieces on the right squares. Now he plans a counterattack on the
kingside.} 26. Bf1 $2 ({The battle is continued by} 26. Bh6 $1 Ne6 $1 (26...
gxh6 27. h5) 27. h5 $1 Bxh5 28. Qxf6 $1 Bg6 29. Rxg6 $1 hxg6 30. Rxg6 {
(Kramnik).}) 26... Ne6 27. Rh3 $2 ({The bishops are used for defensive
purposes in} 27. Bh3 Kh8 28. Be3) 27... Bh5 $1 28. Rhg3 ({Kramnik prefers} 28.
Qxf6 {but} Rf7 29. Qe5 Bxf3+ 30. Bg2 Bxg2+ 31. Rxg2 Rd4 {is terrible for White.
}) 28... Kh8 29. Qe3 Nd4 30. Bg2 Re8 31. Rh3 Qa4 32. Bf1 Qd1 33. Bg2 Qc2 34. f4
Ne2 35. Rf1 Rd1 {White loses his bishop on c1.} 0-1

[Event "Linares"]
[Site "17"]
[Date "2000.??.??"]
[Round "1"]
[White "Lékó, Péter"]
[Black "Anand, Viswanathan"]
[Result "1/2-1/2"]
[WhiteElo "2725"]
[BlackElo "2765"]
[Annotator "JvR"]
[PlyCount "77"]
[EventDate "2000.??.??"]

1. e4 c6 2. d4 d5 3. Nc3 dxe4 4. Nxe4 Nd7 5. Ng5 Ngf6 6. Bd3 e6 7. N1f3 Bd6 8.
Qe2 h6 9. Ne4 Nxe4 10. Qxe4 Qc7 11. Qg4 Kf8 12. O-O c5 13. c3 b6 14. Qh4 Bb7
15. Be4 Bxe4 16. Qxe4 Ke7 17. dxc5 bxc5 18. Re1 Nf6 19. Qe2 Rhd8 {This obvious
move is new.} 20. h3 Kf8 21. Nd2 Bh2+ 22. Kh1 Bf4 $1 23. Nc4 Bxc1 24. Raxc1 Rd5
25. Ne3 Rd7 26. Rcd1 Rad8 27. Rxd7 Rxd7 28. Kg1 Nd5 29. Nc4 Nb6 30. Ne5 Rd6 31.
Qe4 Kg8 32. g3 c4 $1 33. Qf4 Rd5 34. Re4 $6 ({If White plays} 34. Qe4 {the
game remains uneventful.}) 34... Rb5 $6 ({Problems start with} 34... f6 $1 35.
Ng6 (35. Nxc4 $2 Qxf4 36. Rxf4 e5 37. Rh4 g5 38. Re4 f5) 35... Qxf4 36. Nxf4
Rd1+ 37. Kg2 e5) 35. Nxc4 Qxf4 36. Rxf4 Nxc4 37. Rxc4 Rxb2 38. Ra4 Rc2 39. Rxa7
1/2-1/2

[Event "Linares"]
[Site "17"]
[Date "2000.??.??"]
[Round "2"]
[White "Khalifman, Alexander"]
[Black "Kasparov, Gary"]
[Result "1/2-1/2"]
[WhiteElo "2655"]
[BlackElo "2850"]
[Annotator "JvR"]
[PlyCount "57"]
[EventDate "2000.??.??"]

1. d4 Nf6 2. c4 g6 3. Nc3 d5 4. Nf3 Bg7 5. Qb3 dxc4 6. Qxc4 O-O 7. e4 Na6 8.
Be2 c5 9. d5 e6 10. O-O exd5 11. exd5 Bf5 12. Be3 Qb6 13. b3 Rfe8 14. Rad1 Rad8
15. h3 {Khalifman quietly answers to the new move by Kasparov.} Qa5 16. Rfe1
Nd7 17. Na4 Nb4 $1 18. Bg5 Nc2 $1 19. Bxd8 Qxd8 {Black has sacrificed the
exchange.} 20. Rf1 $2 ({Correct is the prosaic} 20. Nxc5 $1 Nxe1 21. Rxe1 Nb6
22. Qb5 Re7 $1 {Black wins pawn d5 and gains a plus (Kasparov).}) 20... Nd4 $2
({A strong attack starts} 20... Na3 $1 21. Qc1 Rxe2 22. Qxa3 Be4 $1 {e.g.} 23.
Nxc5 Bxf3 24. gxf3 Ne5 $1 {(Kasparov).} 25. Qb4 Qg5+ 26. Kh1 Qh5 27. Qf4 Qxh3+
28. Qh2 Qxf3+ 29. Qg2 Qf5 30. d6 Nf3 $1 {and Black wins.}) 21. Nxd4 Bxd4 22.
Rxd4 $1 ({Kasparov analyses} 22. b4 $5 Re4 23. Qc2 Re3 $5 24. Qd2 Rxh3 $1 25.
gxh3 Qh4 26. Nxc5 Qg3+ 27. Kh1 Qxh3+ {and perpetual check.}) 22... cxd4 23. Bg4
$1 Bxg4 24. hxg4 Re4 25. f3 Ne5 26. Qb4 $1 Nd3 27. Qc4 Ne5 28. Qb4 Nd3 29. Qc4
1/2-1/2

[Event "Linares"]
[Site "17"]
[Date "2000.??.??"]
[Round "2"]
[White "Shirov, Alexei"]
[Black "Lékó, Péter"]
[Result "1/2-1/2"]
[WhiteElo "2750"]
[BlackElo "2725"]
[Annotator "JvR"]
[PlyCount "142"]
[EventDate "2000.??.??"]

1. e4 e5 2. Nf3 Nf6 3. Nxe5 d6 4. Nf3 Nxe4 5. d4 d5 6. Bd3 Bd6 7. O-O O-O 8. c4
c6 9. Qc2 Na6 10. a3 Bg4 11. Ne5 Bxe5 12. dxe5 Nac5 13. f3 Nxd3 14. Qxd3 Nc5
15. Qd4 Nb3 16. Qxg4 Nxa1 17. Bh6 g6 18. Nc3 $5 {Shirov makes a pleasing
sacrifice.} (18. Bxf8 Qa5 {is usual.}) 18... Qb6+ 19. Rf2 Rfe8 20. Qf4 f5 $6 ({
Shirov prefers the solid} 20... Qc7) 21. cxd5 Nb3 22. e6 $1 cxd5 23. Nxd5 Qxe6
24. Nc7 Qc6 25. Nxe8 ({Not} 25. Nxa8 $4 Re1+ 26. Rf1 Qc5+) 25... Rxe8 26. g4 $1
Qc5 27. Kg2 $6 (27. Qa4 $1 Re1+ 28. Kg2 Qd5 29. Qxa7 {wins a pawn (Shirov).})
27... Nd4 28. b4 Qe5 $1 29. Rd2 Qxf4 30. Bxf4 Ne6 31. Be3 a6 32. gxf5 Ng7 33.
Bc5 Nxf5 34. a4 Ne3+ 35. Kf2 Nc4 36. Rd7 Ne5 $1 {A pawn sacrifice leads to a
drawn rook ending.} 37. Rxb7 Nd3+ 38. Kg3 Nxc5 39. bxc5 Rc8 40. Rb6 Rxc5 41.
Rxa6 Kg7 $2 ({Correct is} 41... Rg5+ 42. Kh3 Rh5+ 43. Kg3 Rg5+ 44. Kf4 Rh5) 42.
Ra7+ Kh6 {Black has allowed an awful restriction.} 43. Rb7 $2 ({The subtle} 43.
h4 $1 Rc1 44. a5 Rg1+ 45. Kh2 $1 Ra1 46. a6 {might win, due to the poor
position of the black king.}) 43... Rg5+ 44. Kh3 Rh5+ 45. Kg2 Rh4 46. a5 Ra4
47. Rb5 g5 48. Rb6+ Kh5 49. a6 g4 $5 50. f4 $1 Ra2+ ({Not} 50... Rxf4 $2 51.
Rb5+ Kh4 52. Ra5 {(Shirov).}) 51. Kg1 g3 52. h3 ({Or} 52. hxg3 Kg4) 52... Rc2
53. Rb7 Ra2 54. Rg7 Rxa6 55. Kg2 h6 56. Kxg3 Ra3+ 57. Kg2 Ra2+ ({Faster draws} 
57... Rxh3 $1 58. Kxh3 {stalemate.}) 58. Kf3 Kh4 59. f5 Kxh3 60. f6 Ra1 61. Kf4
Rf1+ 62. Ke5 h5 63. Rg5 h4 64. Rf5 Re1+ ({The last trap} 64... Rxf5+ $2 65.
Kxf5 Kg2 66. f7 h3 67. f8=Q h2 68. Kg4 $1 {is avoided (Blatny).}) 65. Kf4 Rf1+
66. Kg5 Rg1+ 67. Kh6 Rg8 68. Rg5 Rf8 69. Kg7 Ra8 70. f7 Kh2 71. Kf6 Rf8 1/2-1/2

[Event "Linares"]
[Site "17"]
[Date "2000.??.??"]
[Round "3"]
[White "Anand, Viswanathan"]
[Black "Shirov, Alexei"]
[Result "0-1"]
[WhiteElo "2765"]
[BlackElo "2750"]
[Annotator "JvR"]
[PlyCount "82"]
[EventDate "2000.??.??"]

1. e4 e5 2. Nf3 Nf6 3. Nxe5 d6 4. Nf3 Nxe4 5. d4 d5 6. Bd3 Bd6 7. O-O O-O 8. c4
c6 9. cxd5 cxd5 10. Nc3 Nxc3 11. bxc3 Bg4 12. Rb1 Nd7 13. h3 Bh5 14. Rb5 Nb6
15. c4 Bxf3 16. Qxf3 dxc4 17. Bc2 Qd7 18. a4 g6 19. Be3 ({Gary played} 19. Bd2
{in round one.}) 19... Rac8 20. Rfb1 c3 21. a5 Nc4 22. Rxb7 Qe6 23. Ra1 ({A
draw will result from} 23. Bb3 Qf5 24. Qxf5 gxf5 {(Grischuk-Shirov, New Delhi
2000).}) 23... Bb8 $2 ({Correct is} 23... Nxe3 24. fxe3 Rc7) 24. Bb3 $1 Qd6 25.
g3 Nxe3 26. Bxf7+ Kh8 27. Qxe3 Qf6 28. Be6 Rce8 29. d5 Be5 $1 {Anand is going
to make three blunders.} 30. Ra2 $2 ({He misses the win} 30. Ra4 $1 c2 31. Rc4
Bd4 32. Qf4 Qxf4 33. gxf4) 30... Bd4 31. Qe1 $2 ({Equality keeps} 31. Qd3 $1
Bxf2+ 32. Kg2 Bd4 33. Rc2) 31... Qf3 $1 32. Kh2 Qxd5 33. Bxd5 Rxe1 34. Kg2 $2 (
34. f4 Rfe8 35. Bf3 {creates a defence line.}) 34... Bxf2 $1 35. Rf7 ({The
pointe is} 35. Rxf2 Rxf2+ 36. Kxf2 c2) 35... Rxf7 36. Bxf7 Bc5 37. Bb3 Kg7 38.
Rc2 Bd4 39. a6 Kf6 40. Ra2 Ke5 41. h4 Ke4 0-1

[Event "Linares"]
[Site "17"]
[Date "2000.??.??"]
[Round "3"]
[White "Lékó, Péter"]
[Black "Khalifman, Alexander"]
[Result "1/2-1/2"]
[WhiteElo "2725"]
[BlackElo "2655"]
[Annotator "JvR"]
[PlyCount "74"]
[EventDate "2000.??.??"]

1. e4 e6 2. d4 d5 3. Nc3 Bb4 4. e5 c5 5. a3 Ba5 6. Qg4 Ne7 7. dxc5 Bxc3+ 8.
bxc3 Ng6 9. Bd3 Nd7 10. Nf3 Qc7 11. O-O Ndxe5 12. Nxe5 Qxe5 13. Bb5+ Bd7 14.
Bxd7+ Kxd7 15. Qa4+ $1 {Lékó has prepared a novelty.} Ke7 16. Qb4 Rab8 17. f4
Qe4 $6 ({The cold-blooded} 17... Qc7 $1 18. f5 exf5 19. Rxf5 Rhd8 20. Qg4 f6 {
is even better.}) 18. f5 Qxb4 19. axb4 exf5 20. Rxf5 Ke6 21. Rf2 a6 22. Bf4
Nxf4 23. Rxf4 f5 24. Rd4 Rbd8 25. Re1+ Kf6 26. Red1 Rhe8 $1 27. c4 Re2 28. Rxd5
Rde8 $1 29. R1d2 Rxd2 30. Rxd2 Re1+ $1 31. Kf2 Re4 32. Rd7 Rxc4 33. Rxb7 a5 34.
bxa5 Rxc5 35. a6 Rxc2+ 36. Kf3 Rc3+ 37. Ke2 Rc2+ 1/2-1/2

[Event "Linares"]
[Site "17"]
[Date "2000.??.??"]
[Round "4"]
[White "Anand, Viswanathan"]
[Black "Kasparov, Gary"]
[Result "0-1"]
[WhiteElo "2765"]
[BlackElo "2850"]
[Annotator "JvR"]
[PlyCount "64"]
[EventDate "2000.??.??"]

1. e4 c5 2. Nf3 d6 3. d4 cxd4 4. Nxd4 Nf6 5. Nc3 a6 6. Be2 e5 7. Nb3 Be7 8. O-O
Be6 9. f4 Qc7 10. Nd5 Bxd5 11. exd5 Nbd7 12. c4 O-O 13. Kh1 Rfe8 14. Be3 exf4
15. Bxf4 Bf8 16. Rc1 Qb6 17. Rc2 g6 18. Bf3 Rac8 19. Nc1 Ne5 20. b3 h5 21. h3
$6 (21. Re2 Nfd7 22. Nd3 Bg7 23. Nxe5 Nxe5 24. Qe1 {keeps a plus.}) 21... Bg7
22. Ne2 Nxf3 23. gxf3 $2 Qc5 24. Rc1 b5 25. Qd2 bxc4 26. bxc4 h4 27. Bg5 Nh5
28. Bxh4 Rb8 29. Ng1 $2 {Again Anand blunders.} ({Correct is} 29. Rc2) 29...
Rb2 30. Rc2 Qxc4 31. Rxc4 Rxd2 32. f4 Rxd5 0-1